|
|
|
|
| LEADER |
00000cam a2200000 a 4500 |
| 001 |
vtls001257472 |
| 003 |
SK-MaSNL |
| 005 |
20260302032221.0 |
| 008 |
250225s1990 xo ga frnp 000 0 slo |
| 015 |
|
|
|a SNBA1990/06
|
| 020 |
|
|
|a 8070970588
|q (brožované)
|
| 035 |
|
|
|a SNK000208309
|
| 035 |
|
|
|a urn:nbn:sk:snk-amlhfk
|
| 035 |
|
|
|a urn:nbn:sk:snk-am00bq2k
|
| 035 |
|
|
|a 00D4485A-BB92-46F5-8E34-42BBFEAF47F7
|
| 040 |
|
|
|a SNK
|b slo
|c SNK
|e AACR2
|
| 041 |
0 |
|
|a slo
|
| 044 |
|
|
|a xo
|c SK
|
| 072 |
|
7 |
|a 78
|x Hudba
|2 konspekt
|
| 072 |
|
7 |
|a 37.016
|x Učebné osnovy. Vyučovacie predmety. Učebnice
|2 konspekt
|
| 072 |
|
7 |
|a 784
|x Vokálna hudba
|2 konspekt
|
| 080 |
|
|
|a 78:37.016
|2 2011
|
| 080 |
|
|
|a 784.9
|2 2011
|
| 080 |
|
|
|a 781.62
|2 2011
|
| 080 |
|
|
|a 784.4(=162.4)
|2 2011
|
| 080 |
|
|
|a (075.8)
|2 2011
|
| 100 |
1 |
|
|a Karasová, Zlata,
|d 1936-
|4 aut
|9 38261
|
| 245 |
1 |
0 |
|a Hudobná výchova
|b časť - intonácia a elementárny rytmus
|c Zlatica Karasová, Emil Michl
|
| 250 |
|
|
|a 2. vyd.
|
| 260 |
|
|
|a Košice
|b Univerzita Pavla Jozefa Šafárika
|c 1990
|
| 300 |
|
|
|a 142 strán
|b ilustrácie, noty
|c 29 x 21 cm
|
| 366 |
|
|
|e 600 kusov
|
| 490 |
1 |
|
|a Vysokoškolské učebné texty
|
| 500 |
|
|
|a Vydala Univerzita Pavla Jozefa Šafárika, Košice, Pedagogická fakulta
|
| 504 |
|
|
|a Bibliografia na strane 138
|
| 650 |
0 |
7 |
|a intonácia (hudba)
|2 SNKPH
|9 69146
|
| 650 |
0 |
7 |
|a slovenské ľudové piesne
|2 SNKPH
|9 3454
|
| 650 |
0 |
7 |
|a hudobná výchova
|2 SNKPH
|9 1662
|
| 650 |
0 |
7 |
|a hudobný rytmus
|2 SNKPH
|9 3210
|
| 655 |
|
7 |
|a učebnice vysokých škôl
|2 SNKPH
|9 70191
|
| 700 |
1 |
|
|a Michl, Emil,
|d 1930-1995
|4 aut
|9 8208
|
| 710 |
2 |
|
|a Univerzita Pavla Jozefa Šafárika v Košiciach.
|b Pedagogická fakulta v Prešove
|4 pbl
|9 176200
|
| 810 |
2 |
|
|a Univerzita Pavla Jozefa Šafárika v Košiciach.
|b Pedagogická fakulta v Prešove
|t Vysokoškolské učebné texty
|9 277086
|
| 852 |
|
|
|a Slovenská národná knižnica
|
| 919 |
|
|
|a 80-7097-058-8
|
| 954 |
|
|
|a odborná, vedecká literatúra pôvodná (slovenská)
|2 lita
|
| 958 |
|
|
|a EUIPO
|
| 958 |
|
|
|a RK
|
| 958 |
|
|
|a TL
|
| 958 |
|
|
|a OND
|
| 958 |
|
|
|a UV
|
| 958 |
|
|
|a NB
|
| 999 |
|
|
|c 1055331
|d 1057261
|
| 952 |
|
|
|a SNK
|b SNK
|y PREZ
|7 0
|p 17A0860226
|o snkSB 46614
|i snkKSP 4460/90
|0 0
|1 0
|4 0
|d 2012-07-16
|f 1
|l 0
|r 2025-01-31 00:00:00
|w 2026-02-24
|
| 952 |
|
|
|a SNK
|b SNK
|y VYP
|7 0
|p 17A0101653
|o snkSB 46614 D1
|0 0
|1 0
|4 0
|d 1997-10-07
|l 0
|r 2005-01-01 00:00:00
|w 2026-02-24
|